[Event "IRI-ch"]
[Site "Tehran"]
[Date "2002.07.30"]
[Round "5"]
[White "Chaichi, N."]
[Black "Daneshpour, SH."]
[Result "1/2-1/2"]
[WhiteElo "2188"]
[BlackElo "2301"]
[PlyCount "170"]
[EventDate "2002.07.28"]
[Source "ChessBase"]
[SourceDate "2002.09.11"]

1. e4 e6 2. d4 d5 3. Nc3 Nf6 4. Bg5 Be7 5. e5 Nfd7 6. Bxe7 Qxe7 7. Nb5 Nb6 8. Nf3 O-O 9. Bd3 a6 10. Nc3 N8d7 11. h4 f6 12. Ng5 h6 13. Qh5 fxg5 14. Qg6 Rf5 15. Bxf5 Nf8 16. Bxe6+ Bxe6 17. Qh5 Nh7 18. hxg5 Qxg5 19. Qxg5 Nxg5 20. O-O-O Rf8 21. f3 Nc4 22. Rde1 b6 23. b3 Na5 24. Na4 Nc6 25. Rh4 Ne7 26. Rd1 Bd7 27. Nb2 Ne6 28. Rhh1 c5 29. dxc5 bxc5 30. Nc4 Bc6 31. Ne3 d4 32. Nc4 Nd5 33. Rd2 Bb5 34. Nd6 Ne3 35. Re1 Bc6 36. Rf2 Nf4 37. Rg1 Ng6 38. c3 Nxe5 39. cxd4 cxd4 40. Rd2 Bxf3 41. Rxd4 Bxg2 42. Rd2 Rf6 43. Nc4 N3xc4 44. Rdxg2 Nd3+ 45. Kb1 Na3+ 46. Ka1 g5 47. Rd2 Ne5 48. Rd5 Nf3 49. Rc1 Kg7 50. Kb2 Nb5 51. a4 Nbd4 52. b4 g4 53. Ka3 g3 54. b5 axb5 55. axb5 g2 56. Rc7+ Kg6 57. Rc8 Nf5 58. Rg8+ Ng7 59. Rd7 Rf7 60. Rd1 h5 61. Kb4 h4 62. Rh8 Kg5 63. b6 Kg4 64. Ka5 h3 65. Ka6 h2 66. Rxh2 Nxh2 67. Rg1 Rf2 68. b7 Ra2+ 69. Kb6 Nf3 70. Rxg2+ Rxg2 71. b8=Q Ne6 72. Qg8+ Nfg5 73. Qg6 Rb2+ 74. Kc6 Nd4+ 75. Kc5 Nde6+ 76. Kc4 Rf2 77. Kb4 Rf4+ 78. Kc3 Nc5 79. Qg7 Kf3 80. Kb2 Nge4 81. Qh6 Nd3+ 82. Kc2 Ne1+ 83. Kd1 Ng2 84. Qxf4+ Nxf4 85. Kc2 Ke3 1/2-1/2

[Event "Yerevan ol (Men)"]
[Site "Yerevan"]
[Date "1996.??.??"]
[Round "2"]
[White "Lauritsen, Niels"]
[Black "Foo Hsiang Ming"]
[Result "1-0"]
[WhiteElo "2280"]
[BlackElo "2195"]
[PlyCount "81"]
[EventDate "1996.09.??"]
[Source "www.chesslib.no"]
[SourceDate "2004.05.04"]

1. d4 Nf6 2. Nc3 d5 3. Bg5 e6 4. e4 Be7 5. e5 Nfd7 6. Bxe7 Qxe7 7. Nb5 Qb4+ 8. c3 Qa5 9. f4 a6 10. b4 Qb6 11. Na3 O-O 12. Nf3 Nc6 13. Nc2 f6 14. Bd3 a5 15. b5 Ne7 16. O-O c5 17. bxc6 bxc6 18. Rb1 Qa7 19. exf6 Nxf6 20. Qe1 c5 21. Kh1 c4 22. Be2 Ne4 23. Ne5 Rb8 24. Rxb8 Qxb8 25. Bxc4 Qb2 26. Bd3 Qxa2 27. Bxe4 dxe4 28. Qxe4 Nd5 29. c4 Rxf4 30. Rxf4 Nxf4 31. h3 Nxh3 32. Qa8 Nf2+ 33. Kh2 h6 34. Qxc8+ Kh7 35. Ne3 Qa1 36. Qxe6 Qh1+ 37. Kg3 Ne4+ 38. Kg4 h5+ 39. Kf4 Qh4+ 40. N3g4 Nf6 41. g3 1-0

[Event "Corr"]
[Site "?"]
[Date "2001.07.04"]
[Round "?"]
[White "Ghysens Dirk"]
[Black "Raffaele Enzo"]
[Result "0-1"]
[WhiteElo "2109"]
[BlackElo "2335"]
[PlyCount "94"]
[EventDate "2001.??.??"]
[Source "www.chesslib.no"]
[SourceDate "2004.05.04"]

1. e4 e6 2. d4 d5 3. Nc3 Nf6 4. Bg5 Be7 5. e5 Nfd7 6. Bxe7 Qxe7 7. Nb5 Nb6 8. c3 O-O 9. Bd3 Bd7 10. Nxc7 Ba4 11. Bxh7+ Kxh7 12. Qh5+ Kg8 13. Nxa8 Nxa8 14. Nh3 Bc2 15. O-O Bg6 16. Qg4 Bf5 17. Qg3 Nb6 18. Nf4 Rc8 19. Rfe1 N8d7 20. Re2 Nf8 21. h3 Ng6 22. Rc1 a5 23. f3 Nxf4 24. Qxf4 a4 25. Kh2 Nc4 26. g4 Bh7 27. Qg3 Rc6 28. f4 Rb6 29. Rf1 Rxb2 30. Rxb2 Nxb2 31. f5 Nc4 32. Qf4 exf5 33. gxf5 f6 34. exf6 Qd6 35. Qxd6 Nxd6 36. Rg1 Nxf5 37. fxg7 Nxg7 38. Kg3 Kf7 39. Rf1+ Bf5 40. a3 Kf6 41. Rf2 b5 42. Rb2 Bd3 43. Rf2+ Nf5+ 44. Kg4 Kg6 45. Rd2 Be4 46. Rb2 Nd6 47. Kf4 Kh6 0-1

[Event "Litomysl Open"]
[Site "Litomysl CZE"]
[Date "1995.??.??"]
[Round "6"]
[White "Siekaniec, Jan"]
[Black "Shemeakin, Alexander"]
[Result "1-0"]
[WhiteElo "2155"]
[BlackElo "2240"]
[PlyCount "105"]
[EventDate "1995.??.??"]
[Source "www.chesslib.no"]
[SourceDate "2004.05.04"]

1. e4 e6 2. d4 d5 3. Nc3 Nf6 4. Bg5 Be7 5. e5 Nfd7 6. Bxe7 Qxe7 7. Nb5 Nb6 8. c3 a6 9. Na3 c5 10. Nc2 Nc6 11. f4 Na4 12. Rb1 b5 13. Nf3 Bd7 14. Qd2 b4 15. cxb4 cxb4 16. Ne3 f5 17. exf6 Qxf6 18. g3 g5 19. Ng2 g4 20. Ne5 Nxe5 21. fxe5 Qf3 22. Qe3 Rc8 23. Qxf3 gxf3 24. Ne3 Bb5 25. Bxb5+ axb5 26. Rf1 Rf8 27. Rf2 h5 28. Kd2 Rf7 29. Kd3 Kd7 30. Nc2 Rc4 31. Ne1 h4 32. b3 hxg3 33. hxg3 Rc3+ 34. Kd2 Nb6 35. Nd3 Rc8 36. Rbf1 Rcf8 37. Nxb4 Nc8 38. Ke3 Rg8 39. Rxf3 Rxg3 40. Rxg3 Rxf1 41. Rg7+ Ne7 42. Nc6 Kxc6 43. Rxe7 Re1+ 44. Kd2 Ra1 45. Rxe6+ Kc7 46. Kc3 Rd1 47. a3 Rc1+ 48. Kb4 Rd1 49. Kc5 Rd3 50. Rc6+ Kd7 51. Rd6+ Ke7 52. b4 Rxa3 53. Kxb5 1-0

[Event "Open des Vins 2nd"]
[Site "Naujac"]
[Date "1999.??.??"]
[Round "2"]
[White "Herb, Pascal"]
[Black "Kalwa, Norbert"]
[Result "1-0"]
[WhiteElo "2335"]
[BlackElo "2030"]
[PlyCount "69"]
[EventDate "1999.07.??"]
[Source "www.chesslib.no"]
[SourceDate "2004.05.04"]

1. e4 e6 2. d4 d5 3. Nc3 Nf6 4. Bg5 Be7 5. e5 Nfd7 6. Bxe7 Qxe7 7. Nb5 Na6 8. Qd2 O-O 9. f4 f5 10. Nf3 c5 11. c3 Nb6 12. Nd6 cxd4 13. cxd4 Nc7 14. Rc1 Rd8 15. Be2 Ne8 16. Nxe8 Rxe8 17. Qa5 Bd7 18. Kf2 Rec8 19. b3 Bc6 20. Rc2 h6 21. Rhc1 Qd8 22. g3 Kf7 23. Ne1 g5 24. Nd3 a6 25. a4 Ke7 26. Qb4+ Kf7 27. a5 Nd7 28. fxg5 hxg5 29. Qd6 Nf6 30. Qxd8 Ne4+ 31. Ke3 Rxd8 32. Nb4 Rh8 33. Bd3 f4+ 34. Kf3 g4+ 35. Kxf4 1-0

[Event "GER-ch op (Women)"]
[Site "?"]
[Date "1990.??.??"]
[Round "?"]
[White "Starck Ines"]
[Black "Nagrocka Ewa"]
[Result "1-0"]
[WhiteElo "2170"]
[BlackElo "2155"]
[PlyCount "67"]
[EventDate "1990.??.??"]
[Source "www.chesslib.no"]
[SourceDate "2004.05.04"]

1. e4 e6 2. d4 d5 3. Nc3 Nf6 4. Bg5 Be7 5. e5 Nfd7 6. Bxe7 Qxe7 7. Nb5 Nb6 8. c3 a6 9. Na3 Bd7 10. Nc2 c5 11. f4 Nc6 12. Nf3 cxd4 13. cxd4 Nb4 14. Ne3 Rc8 15. a3 Nc6 16. Qd2 O-O 17. Bd3 Na7 18. O-O Nc4 19. Qe2 Nxe3 20. Qxe3 g6 21. Ng5 h6 22. Nh3 Kg7 23. g4 Qh4 24. Kh1 Bb5 25. f5 Bxd3 26. Qxd3 Nb5 27. fxg6 Nxd4 28. Nf4 Rc2 29. h3 f5 30. Qxd4 Rfc8 31. gxf5 Kg8 32. f6 Qg3 33. f7+ Kh8 34. Qg1 1-0

[Event "Oberhausen"]
[Site "?"]
[Date "2004.06.20"]
[Round "7"]
[White "Grewe Ludger"]
[Black "Heimsoth Holger"]
[Result "1-0"]
[WhiteElo "2167"]
[BlackElo "2140"]
[PlyCount "59"]
[EventDate "2004.??.??"]
[Source "www.chesslib.no"]
[SourceDate "2004.05.04"]

1. e4 e6 2. d4 d5 3. Nc3 Nf6 4. Bg5 Be7 5. e5 Nfd7 6. Bxe7 Qxe7 7. Nb5 Nb6 8. c3 a6 9. Na3 c5 10. f4 cxd4 11. cxd4 Qb4+ 12. Qd2 Nc6 13. Nf3 Bd7 14. O-O-O Qxd2+ 15. Rxd2 Nb4 16. b3 O-O 17. Kb2 Rfc8 18. Be2 a5 19. Rc1 Kf8 20. Rc5 Bc6 21. Nc2 Nd7 22. Rc3 Ke7 23. Ne3 f6 24. a3 Na6 25. Bd3 fxe5 26. fxe5 h6 27. Nh4 g5 28. Ng6+ Kf7 29. Rf2+ Kg7 30. Rc1 1-0

[Event "Rotterdam Triomfator op 1st"]
[Site "?"]
[Date "2002.06.16"]
[Round "5"]
[White "Van Veen Oscar"]
[Black "Tiggelman Rene"]
[Result "1/2-1/2"]
[WhiteElo "2125"]
[BlackElo "2169"]
[PlyCount "78"]
[EventDate "2002.??.??"]
[Source "www.chesslib.no"]
[SourceDate "2004.05.04"]

1. e4 e6 2. d4 d5 3. Nc3 Nf6 4. Bg5 Be7 5. e5 Nfd7 6. Bxe7 Qxe7 7. Nb5 Nb6 8. a4 a6 9. a5 axb5 10. axb6 Rxa1 11. Qxa1 c6 12. Qa8 O-O 13. Qxb8 Qb4+ 14. c3 Qxb2 15. Ne2 b4 16. cxb4 Qxb4+ 17. Kd1 c5 18. Qd6 Qa4+ 19. Kd2 Bd7 20. dxc5 Qb4+ 21. Ke3 Qe4+ 22. Kd2 Ra8 23. f3 Qb4+ 24. Ke3 Qe1 25. c6 d4+ 26. Kd3 Qd1+ 27. Ke4 Bxc6+ 28. Kf4 d3 29. Nc3 Qc1+ 30. Kg3 d2 31. Bb5 Qe1+ 32. Kh3 Bxb5 33. Nxb5 g5 34. Qd4 d1=Q 35. Rxe1 Qxe1 36. Nd6 Ra5 37. Nf5 Ra8 38. Nd6 h5 39. Nxf7 Kxf7 1/2-1/2

[Event "Championnat de France Minime"]
[Site "?"]
[Date "2004.04.18"]
[Round "1.1"]
[White "Dourerassou Jonathan"]
[Black "Frederic Clement"]
[Result "0-1"]
[WhiteElo "2296"]
[BlackElo "1980"]
[PlyCount "224"]
[EventDate "2004.??.??"]
[Source "www.chesslib.no"]
[SourceDate "2004.05.04"]

1. e4 e6 2. d4 d5 3. Nc3 Nf6 4. Bg5 Be7 5. e5 Nfd7 6. Bxe7 Qxe7 7. Nb5 Qd8 8. c3 a6 9. Na3 c5 10. f4 Nc6 11. Nf3 b5 12. Nc2 Qb6 13. Qd2 a5 14. Ne3 f5 15. Be2 Ba6 16. O-O b4 17. Bxa6 Rxa6 18. Rad1 c4 19. Ng5 Ne7 20. Qe2 h6 21. Nh3 Ra8 22. g4 g6 23. Kh1 Rb8 24. gxf5 Nxf5 25. Nxf5 exf5 26. Qg2 Qe6 27. Rb1 Kf7 28. Ng1 Rb6 29. Nf3 Rhb8 30. Qh3 Kg7 31. Rbe1 bxc3 32. bxc3 Rb2 33. Rg1 Nf8 34. a4 R8b3 35. Nh4 Kh7 36. Rg3 Rb1 37. Reg1 Rxg1+ 38. Rxg1 Qd7 39. Qg3 Qe6 40. Nf3 Qe8 41. Nd2 Rb2 42. Nf1 Qxa4 43. Ne3 Qd7 44. Qh4 Rb6 45. Qh3 a4 46. Qg2 Rb5 47. Qc2 Rb3 48. Qg2 Rb5 49. Qc2 Ra5 50. Qb1 Ne6 51. Nxf5 Nxf4 52. Nd6 a3 53. Qb8 a2 54. Ne8 Qf7 55. Nf6+ Kg7 56. Ra1 Ne2 57. Qb2 Nf4 58. Rxa2 Rxa2 59. Qxa2 Nd3 60. Qa8 Nf4 61. Ne8+ Kh7 62. Nd6 Qd7 63. Ne8 Qf7 64. Qd8 Nh5 65. Kg1 g5 66. Nd6 Qa7 67. Qf8 Qa1+ 68. Qf1 Qxf1+ 69. Kxf1 Nf4 70. Kf2 Kg6 71. Kf3 Ne6 72. Ne8 Nf4 73. Nf6 Kf5 74. Ng4 Kg6 75. Ne3 Kf7 76. h4 Kg6 77. hxg5 Kxg5 78. Ng2 Ne6 79. Kg3 Kf5 80. Kf3 Ng5+ 81. Ke3 Ne4 82. Nf4 Nxc3 83. e6 Kf6 84. Kd2 Ne4+ 85. Ke3 Nc3 86. Kd2 Nb5 87. Nxd5+ Kxe6 88. Ne3 c3+ 89. Kd3 h5 90. Ke4 Na3 91. Kf4 Nb5 92. d5+ Kd6 93. Kg5 Nc7 94. Kxh5 Nxd5 95. Nc2 Kc5 96. Kg4 Kc4 97. Kf3 Kd3 98. Ne1+ Kd2 99. Kf2 Kd1 100. Kf1 Nf4 101. Kf2 Nh3+ 102. Ke3 Nf4 103. Kf2 Nd5 104. Kf1 Nf6 105. Kf2 Ng4+ 106. Kf1 Ne5 107. Kf2 Nf3 108. Nd3 Kd2 109. Nb4 Ne5 110. Kf1 Nd3 111. Na2 c2 112. Kg2 Nb4 0-1

[Event "Elite FEFB-ch"]
[Site "Tihan"]
[Date "1998.??.??"]
[Round "1"]
[White "Wantiez, Fabrice"]
[Black "Marechal, Andy"]
[Result "1-0"]
[WhiteElo "2110"]
[BlackElo "2145"]
[PlyCount "147"]
[EventDate "1998.??.??"]
[Source "www.chesslib.no"]
[SourceDate "2004.05.04"]

1. e4 e6 2. d4 d5 3. Nc3 Nf6 4. Bg5 Be7 5. e5 Nfd7 6. Bxe7 Qxe7 7. Nb5 Nb6 8. c3 a6 9. Na3 c5 10. Nf3 Nc6 11. Bd3 cxd4 12. cxd4 Qb4+ 13. Qd2 Ke7 14. Nc2 Qxd2+ 15. Kxd2 Bd7 16. b3 h6 17. h4 h5 18. Rh3 a5 19. a4 Rac8 20. Rg3 g6 21. Ng5 Rcf8 22. Rf3 f5 23. exf6+ Rxf6 24. Re1 Rhf8 25. Re2 Rxf3 26. Nxf3 Kf6 27. Nce1 Re8 28. Bb1 Re7 29. Nd3 Be8 30. Nde5 Nxe5 31. Nxe5 Nd7 32. Re3 Nxe5 33. dxe5+ Kg7 34. Rc3 Bc6 35. Rc5 Rf7 36. Ke2 d4 37. g3 Bf3+ 38. Ke1 Bd5 39. Bc2 b6 40. Rc8 Rb7 41. Kd2 b5 42. Rc5 bxa4 43. bxa4 Rb2 44. Kd3 Rb4 45. Rxa5 Bg2 46. Ra7+ Kh6 47. Kd2 Rb2 48. Kc1 Rb4 49. Rf7 Bf1 50. Rf4 Rc4 51. Kd2 Rc5 52. Re4 Bg2 53. Re1 Bf3 54. Bd3 Bc6 55. Bc2 Bf3 56. Bd3 Bc6 57. Rc1 Rxc1 58. Kxc1 Bxa4 59. Bc4 Bd7 60. Kd2 Kg7 61. Kd3 Kf7 62. Kxd4 Ba4 63. Kc5 Ke7 64. Bd3 Be8 65. Bb5 Bf7 66. Kd4 Kf8 67. Ke4 Kg7 68. Kf4 Kh6 69. Bd7 g5+ 70. hxg5+ Kg7 71. Bc6 Bg6 72. Be4 Be8 73. Kf3 Bb5 74. Kg2 1-0

[Event "Aragon ONCE op 1st"]
[Site "?"]
[Date "2003.09.21"]
[Round "2.6"]
[White "Diaz Illescas Juan Carlos"]
[Black "Melendez Fierro Juan Bautista"]
[Result "0-1"]
[WhiteElo "1978"]
[BlackElo "2261"]
[PlyCount "44"]
[EventDate "2003.??.??"]
[Source "www.chesslib.no"]
[SourceDate "2004.05.04"]

1. e4 e6 2. d4 d5 3. Nc3 Nf6 4. Bg5 Be7 5. e5 Nfd7 6. Bxe7 Qxe7 7. Nb5 Nb6 8. c3 a6 9. Na3 c5 10. Nf3 Nc6 11. Qb3 Nd7 12. Be2 O-O 13. O-O b5 14. Nc2 Rb8 15. Rfe1 f6 16. exf6 Nxf6 17. dxc5 Ne4 18. Ncd4 Qxc5 19. Bd3 Nxf2 20. Rxe6 Bxe6 21. Nxe6 Nh3+ 22. Kh1 Qg1+ 0-1

[Event "Championnat de France Benjamins"]
[Site "?"]
[Date "2003.??.??"]
[Round "4.1"]
[White "Dourerassou Jonathan"]
[Black "Brethes Francois"]
[Result "1-0"]
[WhiteElo "2155"]
[BlackElo "2074"]
[PlyCount "93"]
[EventDate "2003.??.??"]
[Source "www.chesslib.no"]
[SourceDate "2004.05.04"]

1. e4 e6 2. d4 d5 3. Nc3 Nf6 4. Bg5 Be7 5. e5 Nfd7 6. Bxe7 Qxe7 7. Nb5 Qd8 8. c3 a6 9. Na3 c5 10. f4 Nc6 11. Nf3 b5 12. Nc2 Qb6 13. Be2 cxd4 14. cxd4 Qa5+ 15. Qd2 Qxd2+ 16. Kxd2 Nb6 17. b3 Bd7 18. g4 Ke7 19. Ne3 g6 20. Bd3 Nb4 21. Bb1 h5 22. a3 hxg4 23. Nxg4 Nc6 24. h4 a5 25. Bd3 a4 26. b4 Nb8 27. Nf6 Nc4+ 28. Bxc4 dxc4 29. d5 exd5 30. Nxd5+ Kf8 31. Nd4 Bc6 32. Nc7 Bxh1 33. Rxh1 Ra7 34. Ncxb5 Rd7 35. Kc3 Ke7 36. Nd6 f6 37. Kxc4 fxe5 38. fxe5 Rh5 39. Nc8+ Kd8 40. Nb6 Ra7 41. Kd5 Ra6 42. Nc4 Ke7 43. Rf1 Rxh4 44. Nd6 Rh7 45. b5 Ra8 46. Nc8+ Ke8 47. Ne6 1-0

[Event "Logrono Once-ch 18th"]
[Site "?"]
[Date "2002.12.19"]
[Round "5"]
[White "Olivera Gutierrez Albert"]
[Black "Portugues Rodriguez Rafael"]
[Result "0-1"]
[WhiteElo "2072"]
[BlackElo "2148"]
[PlyCount "108"]
[EventDate "2002.??.??"]
[Source "www.chesslib.no"]
[SourceDate "2004.05.04"]

1. e4 e6 2. d4 d5 3. Nc3 Nf6 4. Bg5 Be7 5. e5 Nfd7 6. Bxe7 Qxe7 7. Nb5 Qd8 8. c3 a6 9. Na3 c5 10. f4 cxd4 11. cxd4 Qa5+ 12. Qd2 Qxd2+ 13. Kxd2 f6 14. Rc1 Nc6 15. Nf3 g5 16. fxg5 fxe5 17. dxe5 Ndxe5 18. Nxe5 Nxe5 19. Nc2 O-O 20. Re1 Ng4 21. Bd3 Bd7 22. Rhf1 Nf2 23. Nd4 Nxd3 24. Rxf8+ Rxf8 25. Kxd3 Rf2 26. Re2 Rxe2 27. Kxe2 e5 28. Nf3 Bg4 29. h3 Bxf3+ 30. gxf3 Kf7 31. f4 exf4 32. Kf3 Kg6 33. Kxf4 Kh5 34. b4 Kh4 35. Ke5 Kxh3 36. Kxd5 Kh4 37. Kc5 Kxg5 38. Kb6 h5 39. Kxb7 h4 40. Kxa6 h3 41. b5 h2 42. b6 h1=Q 43. b7 Qc6+ 44. Ka7 Qc7 45. Ka6 Qc4+ 46. Kb6 Qb4+ 47. Kc6 Kf6 48. a3 Qc4+ 49. Kb6 Qe6+ 50. Kc7 Qe7+ 51. Kc6 Qd8 52. a4 Ke6 53. a5 Qd6+ 54. Kb5 Kd7 0-1

[Event "Corr"]
[Site "?"]
[Date "2000.??.??"]
[Round "6.13"]
[White "Bergamini Lorenzo"]
[Black "Mena Mario"]
[Result "1-0"]
[WhiteElo "2046"]
[BlackElo "2163"]
[PlyCount "63"]
[EventDate "2000.??.??"]
[Source "www.chesslib.no"]
[SourceDate "2004.05.04"]

1. e4 e6 2. d4 d5 3. Nc3 Nf6 4. Bg5 Be7 5. e5 Nfd7 6. Bxe7 Qxe7 7. Nb5 Nb6 8. c3 a6 9. Na3 c5 10. f4 Nc6 11. Nf3 cxd4 12. Nxd4 O-O 13. Be2 f6 14. exf6 gxf6 15. O-O e5 16. Nxc6 bxc6 17. fxe5 fxe5 18. Rxf8+ Qxf8 19. Qd3 Qg7 20. Qe3 Nd7 21. Rf1 Rb8 22. Nc4 e4 23. Nd6 Nf6 24. Nxc8 Rxc8 25. Qb6 Ng4 26. Qxa6 Qd7 27. Qb6 Ne5 28. a4 Qc7 29. Qd4 Ra8 30. Rf5 Re8 31. b4 Qd6 32. b5 1-0

[Event "9. DMP I III szach"]
[Site "Lima IX DMP I III szach"]
[Date "1992.??.??"]
[Round "?"]
[White "Mroz, Antoni"]
[Black "Winiarski, K."]
[Result "1-0"]
[WhiteElo "2000"]
[BlackElo "2200"]
[PlyCount "119"]
[EventDate "1992.??.??"]
[Source "www.chesslib.no"]
[SourceDate "2004.05.04"]

1. e4 e6 2. d4 d5 3. Nc3 Nf6 4. Bg5 Be7 5. e5 Nfd7 6. Bxe7 Qxe7 7. Nb5 Nb6 8. a4 a6 9. a5 axb5 10. axb6 Rxa1 11. Qxa1 O-O 12. bxc7 Qxc7 13. Bd3 Nc6 14. c3 b4 15. Nf3 bxc3 16. bxc3 Bd7 17. O-O Rc8 18. Rc1 h6 19. h3 Qa5 20. Qb2 Rb8 21. Bb1 Qd8 22. h4 h5 23. Qe2 g6 24. Ng5 Qf8 25. g4 hxg4 26. Qxg4 Qg7 27. h5 gxh5 28. Qxh5 Kf8 29. Kf1 Ke7 30. Qh4 Rh8 31. Nh7+ Ke8 32. Bd3 Bc8 33. Re1 Ne7 34. Re3 Ng6 35. Bxg6 fxg6 36. Rh3 Kf7 37. Ng5+ Kg8 38. Qxh8+ Qxh8 39. Rxh8+ Kxh8 40. Nf7+ Kg7 41. Nd6 Bd7 42. Nxb7 Bb5+ 43. Ke1 Bd3 44. Kd2 Bf5 45. Nd6 Bg4 46. c4 dxc4 47. Kc3 Bf3 48. Kxc4 Kf8 49. Kc5 Ke7 50. Kb6 Kd7 51. Nf7 Bd1 52. Ng5 Bc2 53. Nh7 Bb1 54. Nf6+ Ke7 55. Kc7 g5 56. Nd7 g4 57. Nb8 Ba2 58. Nc6+ Kf7 59. Kd6 Kg6 60. d5 1-0

[Event "Corr"]
[Site "?"]
[Date "2002.11.05"]
[Round "?"]
[White "Cehajic Mustafa"]
[Black "Agulnick Michael"]
[Result "1-0"]
[WhiteElo "2024"]
[BlackElo "2091"]
[PlyCount "99"]
[EventDate "2002.??.??"]
[Source "www.chesslib.no"]
[SourceDate "2004.05.04"]

1. e4 e6 2. d4 d5 3. Nc3 Nf6 4. Bg5 Be7 5. e5 Nfd7 6. Bxe7 Qxe7 7. Nb5 Nb6 8. c3 a6 9. Na3 f6 10. exf6 gxf6 11. Qh5+ Qf7 12. Be2 Qxh5 13. Bxh5+ Ke7 14. Ne2 Bd7 15. O-O-O e5 16. Rhe1 Rg8 17. Nf4 Bg4 18. Bxg4 Rxg4 19. g3 Kd6 20. f3 Rg7 21. dxe5+ fxe5 22. Nxd5 Nxd5 23. c4 Nd7 24. Rxd5+ Ke7 25. Nc2 Re8 26. Red1 Kd8 27. Ne3 Kc8 28. Nf5 Rf7 29. g4 Nf6 30. R5d2 Nh5 31. h4 Ng7 32. Nh6 Rfe7 33. b3 Rf8 34. Rd3 b6 35. R1d2 c5 36. a3 Rf4 37. Kc2 Kc7 38. Rd5 e4 39. fxe4 Rfxe4 40. a4 a5 41. Ng8 Rf7 42. Nf6 Rxf6 43. Rd7+ Kc6 44. Rxg7 h5 45. gxh5 Rxh4 46. Rh7 Rf5 47. Re2 Rf6 48. Kb2 Kd6 49. Ka3 Rf3 50. Rh6+ 1-0

[Event "Duisburg"]
[Site "?"]
[Date "2005.05.14"]
[Round "3.10"]
[White "Grewe Ludger"]
[Black "Strater Heinz"]
[Result "1-0"]
[WhiteElo "2255"]
[BlackElo "1841"]
[PlyCount "81"]
[EventDate "2005.??.??"]
[Source "www.chesslib.no"]
[SourceDate "2004.05.04"]

1. e4 e6 2. d4 d5 3. Nc3 Nf6 4. Bg5 Be7 5. e5 Nfd7 6. Bxe7 Qxe7 7. Nb5 Nb6 8. c3 a6 9. Na3 c5 10. Nc2 Nc6 11. f4 O-O 12. Nf3 Na4 13. Rb1 b5 14. Bd3 f5 15. O-O Qa7 16. Kh1 Bd7 17. Rg1 Rab8 18. g4 b4 19. gxf5 exf5 20. c4 Nxd4 21. Ncxd4 cxd4 22. cxd5 Nb6 23. Nxd4 Qb7 24. Qf3 Kh8 25. e6 Bc8 26. Nc6 Ra8 27. Qg2 g6 28. Be2 Qc7 29. Bf3 Bb7 30. Ne5 Rad8 31. Rbd1 Rd6 32. Rd2 a5 33. Qh3 Rf6 34. Nxg6+ Rxg6 35. Rxg6 Nxd5 36. Rdg2 Ne7 37. Rg7 Qc1+ 38. Rg1 Bxf3+ 39. Qxf3 Qc7 40. Qg2 Rd8 41. Rxh7+ 1-0

[Event "VII Gibtelecom Masters"]
[Site "Caleta ING"]
[Date "2009.02.05"]
[Round "10"]
[White "Whitehead, D."]
[Black "Ribon Calabia, M."]
[Result "0-1"]
[WhiteElo "2155"]
[BlackElo "1864"]
[PlyCount "137"]
[EventDate "2009.01.27"]
[Source "www.chesslib.no"]
[SourceDate "2004.05.04"]

1. e4 e6 2. d4 d5 3. Nc3 Nf6 4. Bg5 Be7 5. e5 Nfd7 6. Bxe7 Qxe7 7. Nb5 Nb6 8. Qd2 a6 9. Na3 c5 10. c3 Nc6 11. f4 cxd4 12. cxd4 Qb4 13. O-O-O Qxd2+ 14. Rxd2 Bd7 15. Nf3 Rc8 16. Kb1 Ne7 17. Bd3 Nc4 18. Nxc4 dxc4 19. Be4 Bc6 20. Bxc6+ Rxc6 21. Ng5 O-O 22. Ne4 Rd8 23. Nd6 Rd7 24. Rc1 Rdc7 25. Rdc2 Nd5 26. g3 c3 27. bxc3 Nxc3+ 28. Kb2 Nd1+ 29. Kb3 Rxc2 30. Rxc2 Rxc2 31. Kxc2 Ne3+ 32. Kd3 Nf1 33. Nxb7 Kf8 34. Nc5 a5 35. a4 Nxh2 36. Ke2 Ke7 37. Nb7 Kd7 38. Nxa5 h5 39. Kf2 Ng4+ 40. Kf3 Nh6 41. Nb3 Kc6 42. Ke4 Nf5 43. d5+ Kd7 44. Nc5+ Kc8 45. dxe6 fxe6 46. Nxe6 Nxg3+ 47. Kf3 Nf5 48. Nc5 Kc7 49. Ne4 Kb6 50. Ng3 Nd4+ 51. Ke4 Ne6 52. Nxh5 g6 53. Nf6 Nc5+ 54. Ke3 Ka5 55. Nd5 Kxa4 56. Ne7 Kb5 57. Nxg6 Kc6 58. f5 Kd5 59. Kf4 Nd3+ 60. Kg5 Nc5 61. Kf6 Ne4+ 62. Ke7 Ng3 63. f6 Nf5+ 64. Kd7 Nh6 65. e6 Ng4 66. f7 Nf6+ 67. Ke7 Nh7 68. f8=Q Nxf8 69. Nxf8 0-1

[Event "Corr"]
[Site "?"]
[Date "1999.10.24"]
[Round "?"]
[White "Calvo Carlos"]
[Black "Borst John C"]
[Result "1-0"]
[WhiteElo "1909"]
[BlackElo "2083"]
[PlyCount "61"]
[EventDate "1999.??.??"]
[Source "www.chesslib.no"]
[SourceDate "2004.05.04"]

1. e4 e6 2. d4 d5 3. Nc3 Nf6 4. Bg5 Be7 5. e5 Nfd7 6. Bxe7 Qxe7 7. Nb5 Qd8 8. c3 a6 9. Na3 c5 10. Qg4 O-O 11. O-O-O cxd4 12. cxd4 Nc6 13. Nf3 b5 14. Nc2 f5 15. Qh3 Nb6 16. g4 fxg4 17. Qxg4 Ra7 18. Rg1 Rc7 19. Kb1 g6 20. h4 Rcf7 21. Rg3 Rf4 22. Qh3 Kh8 23. h5 g5 24. Nxg5 R8f5 25. Nxh7 Kxh7 26. Bd3 Rh4 27. Qg2 Kh8 28. Rg1 Ne7 29. Rg7 Qf8 30. Bxf5 Rxh5 31. Rxe7 1-0

[Event "Hallstahammar op"]
[Site "Hallstahammar"]
[Date "1997.??.??"]
[Round "7"]
[White "Segerstroem, Tore"]
[Black "Borg, Mats"]
[Result "1/2-1/2"]
[WhiteElo "1825"]
[BlackElo "2055"]
[PlyCount "105"]
[EventDate "1997.??.??"]
[Source "www.chesslib.no"]
[SourceDate "2004.05.04"]

1. e4 e6 2. d4 d5 3. Nc3 Nf6 4. Bg5 Be7 5. e5 Nfd7 6. Bxe7 Qxe7 7. Nb5 Na6 8. Qd2 O-O 9. f4 c5 10. c3 f6 11. Nf3 cxd4 12. cxd4 Nb4 13. Nc7 Rb8 14. Nxe6 Nxe5 15. dxe5 Bxe6 16. Be2 fxe5 17. fxe5 Rbc8 18. Bd1 Kh8 19. O-O Nc6 20. Bb3 Rcd8 21. Rad1 Bg4 22. Rde1 Bxf3 23. gxf3 Rf5 24. f4 g5 25. e6 gxf4 26. Kh1 f3 27. Qd3 Rdf8 28. Bxd5 Qc5 29. Bxc6 Qxc6 30. Qc3+ Qxc3 31. bxc3 Re8 32. Re3 Rf6 33. Rfxf3 Rxf3 34. Rxf3 Rxe6 35. Rf7 Rb6 36. Kg2 Rb2+ 37. Kg3 Kg8 38. Rc7 a5 39. a4 b6 40. h4 Ra2 41. Rc4 Kf7 42. Kf4 Rf2+ 43. Ke5 Rb2 44. Kd6 b5 45. axb5 Rxb5 46. Kc6 Rb3 47. Kd5 a4 48. Rxa4 Rxc3 49. Ke5 Kg6 50. Kf4 Kh5 51. Ra1 Rh3 52. Rg1 Rxh4+ 53. Kf3 1/2-1/2

[Event "Pyramiden Franken Cup"]
[Site "Fuerth"]
[Date "1998.??.??"]
[Round "4"]
[White "Junker, Rene"]
[Black "Pop, Laurentius"]
[Result "1/2-1/2"]
[WhiteElo "2080"]
[BlackElo "1780"]
[PlyCount "52"]
[EventDate "1998.08.??"]
[Source "www.chesslib.no"]
[SourceDate "2004.05.04"]

1. e4 e6 2. d4 d5 3. Nc3 Nf6 4. Bg5 Be7 5. e5 Nfd7 6. Bxe7 Qxe7 7. Nb5 Qd8 8. f4 O-O 9. Nf3 a6 10. Na3 b5 11. c3 c5 12. Bd3 f5 13. exf6 Nxf6 14. O-O Nbd7 15. Ng5 Qb6 16. Qe1 Re8 17. Qh4 Nf8 18. Nc2 c4 19. Bxh7+ N6xh7 20. Rf3 e5 21. fxe5 Nxg5 22. Qxg5 Qh6 23. Qxh6 gxh6 24. Ne3 Be6 25. g4 Kh7 26. Raf1 Nd7 1/2-1/2

[Event "Bethune FRA, Summer Festival 05"]
[Site "?"]
[Date "2005.07.03"]
[Round "2.2"]
[White "Lui Eric"]
[Black "Pavillon Guillaume"]
[Result "1-0"]
[WhiteElo "2033"]
[BlackElo "1752"]
[PlyCount "83"]
[EventDate "2005.??.??"]
[Source "www.chesslib.no"]
[SourceDate "2004.05.04"]

1. e4 e6 2. d4 d5 3. Nc3 Nf6 4. Bg5 Be7 5. e5 Nfd7 6. Bxe7 Qxe7 7. Nb5 Nb6 8. a4 Qd8 9. a5 N6d7 10. Bd3 a6 11. Na3 c5 12. c3 cxd4 13. cxd4 Qxa5+ 14. Kf1 Qd8 15. Nb5 O-O 16. Ra3 h6 17. Bb1 Nb6 18. Qc2 f5 19. exf6 Rxf6 20. Qh7+ Kf7 21. Rg3 Qf8 22. Nd6+ Ke7 23. Nxc8+ Nxc8 24. Rxg7+ Rf7 25. Rxf7+ Qxf7 26. Qxh6 Nd6 27. Nf3 Nc6 28. Ke2 Rf8 29. Rd1 Rg8 30. Ng5 Qf6 31. Qxf6+ Kxf6 32. f4 Nb5 33. Ke3 Nbxd4 34. Rxd4 Nxd4 35. Kxd4 e5+ 36. Kxd5 exf4 37. h4 Rd8+ 38. Ke4 Rd2 39. Kf3 Rxb2 40. Be4 Ke5 41. h5 Rb6 42. h6 1-0

[Event "Corr"]
[Site "?"]
[Date "2003.12.31"]
[Round "?"]
[White "Newton Hobart E"]
[Black "Karlzén Henrik"]
[Result "0-1"]
[WhiteElo "1829"]
[BlackElo "1921"]
[PlyCount "58"]
[EventDate "2003.??.??"]
[Source "www.chesslib.no"]
[SourceDate "2004.05.04"]

1. e4 e6 2. d4 d5 3. Nc3 Nf6 4. Bg5 Be7 5. e5 Nfd7 6. Bxe7 Qxe7 7. Nb5 Nb6 8. c3 a6 9. Na3 c5 10. Nf3 Nc6 11. Be2 O-O 12. O-O f6 13. exf6 Qxf6 14. Qb3 Nd7 15. Nc2 Rb8 16. Rfe1 b5 17. dxc5 Nxc5 18. Qa3 Nd7 19. Rad1 Rb6 20. Ncd4 Ne7 21. Kh1 Bb7 22. Nc2 Ng6 23. Bf1 Nh4 24. Nxh4 Qxh4 25. f3 e5 26. Qb3 Rh6 27. h3 Qg3 28. Ne3 e4 29. f4 Nc5 0-1